Soprts and recreational activities (Record no. 566718)
[ view plain ]
| 000 -LEADER | |
|---|---|
| fixed length control field | 00995nam a22001697a 4500 |
| 003 - CONTROL NUMBER IDENTIFIER | |
| control field | CEME |
| 005 - DATE AND TIME OF LATEST TRANSACTION | |
| control field | 20210628201648.0 |
| 008 - FIXED-LENGTH DATA ELEMENTS--GENERAL INFORMATION | |
| fixed length control field | 210212b xxu||||| |||| 00| 0 eng d |
| 020 ## - INTERNATIONAL STANDARD BOOK NUMBER | |
| International Standard Book Number | 0-8151-5955-2 |
| 040 ## - CATALOGING SOURCE | |
| Transcribing agency | . |
| 082 ## - DEWEY DECIMAL CLASSIFICATION NUMBER | |
| Classification number | 796.0194 MOO |
| 100 ## - MAIN ENTRY--PERSONAL NAME | |
| Personal name | Mood, Dale Musker, Frank.F Rink, Judith.E |
| 9 (RLIN) | 56236 |
| 245 ## - TITLE STATEMENT | |
| Title | Soprts and recreational activities |
| 260 ## - PUBLICATION, DISTRIBUTION, ETC. | |
| Place of publication, distribution, etc. | BOSTON |
| Name of publisher, distributor, etc. | MCGRAW HILL |
| Date of publication, distribution, etc. | 1995 |
| 650 ## - SUBJECT ADDED ENTRY--TOPICAL TERM | |
| Topical term or geographic name entry element | SPORTS GROUP GAMES PHYSICAL EDUCATION AND TRAINING STUDY AND TEACHING AEROBIC DANCE ARCHERY BACKPACKING BADMINTON BASKETBALL BICYCLING BOWLING DANCE:CONCERT AND RECREATIONAL FENCING HOCKEY GOLF GYMANSTICS AND TUMBLING JOGGING KARATE KAYAKING AND CANOEING MOUNTAINEERING ORIENTEERING MOUNTAINING TENNIS PHYSICAL FITNESS HANDBALL PADDLEBALL RACQUETBALL RUGBY SELF DEFENCE SKING SKIN AND SCUBA DIVING SOCCER SOFTBALL SPEEDBALL SPRINGBOARD DIVING SWIMMING TABLE TENNIS TENNIS FOOTBALL VOLLEYBALL WATER POLLO WEIGHT TRAINING WERSTLING INDOOR GAMES OUTDOOR GAMES |
| 9 (RLIN) | 56237 |
| 942 ## - ADDED ENTRY ELEMENTS (KOHA) | |
| Koha item type | Book |
| Source of classification or shelving scheme | |
| Withdrawn status | Lost status | Damaged status | Not for loan | Permanent Location | Current Location | Shelving location | Date acquired | Total Checkouts | Full call number | Barcode | Date last seen | Price effective from | Koha item type |
|---|---|---|---|---|---|---|---|---|---|---|---|---|---|
| College of Electrical & Mechanical Engineering (CEME) | College of Electrical & Mechanical Engineering (CEME) | General Stacks | 07/11/2017 | 796.0194 MOO | CEME-34976 | 06/28/2021 | 06/28/2021 | Book |
